000 00469nam a22001577a 4500
999 _c9086
_d9086
008 210323b ||||| |||| 00| 0 eng d
040 _aBMS College of Architecture
100 _aMishra, Apoorva
245 _aCentre for performing Arts
300 _a65p.
500 _a1BM06AT007
502 _8B.Arch
_NBMS College of Architecture Visvesvaraya Technological University
_aProject report
_d2011
650 _aArt
700 _aSindhu Srikanth
_eGuide
942 _2ddc
_cTHE